Monetární přístup k automatickému vyrovnávacímu procesu obchodní bilance

Monetárny prístup k rovnováhe obchodnej bilancie. Popis základných funkčných vzťahov modelu. Dynamizácia modelu menového vyrovnávacieho procesu. Aplikácia dynamického modelu na údaje z r. 1990-1992.

Salvato in:
Dettagli Bibliografici
Autore principale: Kodera, Jan
Altri autori: Mandel, Martin
Natura: Capitolo di libro
Lingua:ceco
Soggetti:
Tags: Aggiungi Tag
Nessun Tag, puoi essere il primo ad aggiungerne!!

MARC

LEADER 00000naa a2200000 4500
001 r016831
005 20220905075742.9
041 0 |a cze 
044 |a CZ 
245 1 0 |a Monetární přístup k automatickému vyrovnávacímu procesu obchodní bilance  |c J. Kodera, M. Mandel 
520 |a Monetárny prístup k rovnováhe obchodnej bilancie. Popis základných funkčných vzťahov modelu. Dynamizácia modelu menového vyrovnávacieho procesu. Aplikácia dynamického modelu na údaje z r. 1990-1992. 
610 2 0 |a bilancia obchodná 
610 2 0 |a makroekonomika 
610 2 0 |a bilancia platobná 
610 2 0 |a monetarizmus 
610 2 0 |a modely dynamické 
610 2 0 |a 1990-1992 
610 2 0 |a modelovanie 
100 1 |a Kodera, Jan 
700 1 |a Mandel, Martin